书目信息 |
| 题名: |
税法Ⅱ应试指南
|
|
| 作者: | ;中华会计网校 编 | |
| 分册: | ||
| 出版信息: | 北京 人民出版社 2013.02 |
|
| 页数: | 293页 | |
| 开本: | 26cm | |
| 丛书名: | 2013年全国注册税务师执业资格考试梦想成真系列辅导丛书 | |
| 单 册: | ||
| 中图分类: | D922.220.4 | |
| 科图分类: | ||
| 主题词: | 税法--中国--资格考试--自学参考资料 , 税法 | |
| 电子资源: | ||
| ISBN: | 978-7-01-011667-9 | |
| 000 | 00956oam2 2200277 450 | |
| 001 | 004853029 | |
| 005 | 20130608084517.65 | |
| 010 | @a978-7-01-011667-9@dCNY42.00 | |
| 100 | @a20130325d2013 em y0chiy50 ea | |
| 101 | 0 | @achi |
| 102 | @aCN@b110000 | |
| 105 | @ak z 000yy | |
| 106 | @ar | |
| 200 | 1 | @a税法Ⅱ应试指南@9shui faⅡying shi zhi nan@f中华会计网校编 |
| 210 | @a北京@c人民出版社@d2013.02 | |
| 215 | @a293页@d26cm | |
| 225 | 2 | @a2013年全国注册税务师执业资格考试梦想成真系列辅导丛书 |
| 330 | @a本书分历年考试特点分析及应试技巧、应试指导及同步训练、跨章节综合练习题、全真模拟试题及参考答案共四部分。 | |
| 333 | @a参加会计师和税法考试人员 | |
| 461 | 0 | @12001 @a2013年全国注册税务师执业资格考试梦想成真系列辅导丛书 |
| 606 | 0 | @a税法@y中国@x资格考试@j自学参考资料 |
| 606 | 0 | @a税法 |
| 690 | @aD922.220.4@v5 | |
| 711 | 02 | @a中华会计网校@9zhong hua kuai ji wang xiao@4编 |
| 801 | 0 | @aCN@b人天书店@c2013025 |
| 905 | @dD922.220.4@e1012 | |
| 税法Ⅱ应试指南/中华会计网校编.-北京:人民出版社,2013.02 |
| 293页;26cm.-(2013年全国注册税务师执业资格考试梦想成真系列辅导丛书) |
| 使用对象:参加会计师和税法考试人员 |
| ISBN 978-7-01-011667-9:CNY42.00 |
| 本书分历年考试特点分析及应试技巧、应试指导及同步训练、跨章节综合练习题、全真模拟试题及参考答案共四部分。 |
| ● |
| 相关链接 |
|
|
|
|
正题名:税法Ⅱ应试指南
索取号:D922.220.4/1012
 
预约/预借
| 序号 | 登录号 | 条形码 | 馆藏地/架位号 | 状态 | 备注 |
| 1 | 0544013 | 205440138 | 第一样本阅览室/ [索取号:D922.220.4/1012] | 在馆 | |
| 2 | 0544014 | 205440147 | 第一借阅区/ [索取号:D922.220.4/1012] | 在馆 | |
| 3 | 0544015 | 205440156 | 第一借阅区/ [索取号:D922.220.4/1012] | 在馆 |